[Event "Titled Tuesday intern op 4th July"]
[Site "Chess.com INT"]
[Date "2017.07.04"]
[Round "6"]
[White "Stefan, Constantin Danut"]
[Black "Azarov, Sergei Nikolaevich"]
[Result "0-1"]
[WhiteElo "2335"]
[BlackElo "2584"]
[PlyCount "122"]
[EventDate "2017.07.04"]
[EventType "swiss (blitz)"]
[EventRounds "10"]
[EventCountry "USA"]
[SourceTitle "EXT 2021"]
[Source "ChessBase"]
[SourceDate "2020.10.23"]
[SourceVersion "1"]
[SourceVersionDate "2020.10.23"]
[SourceQuality "1"]

1. Nf3 Nf6 2. g3 b6 3. Bg2 Bb7 4. d3 c5 5. 0-0 g6 6. e4 d6 7. a4 Bg7 8. Nbd2 0-0 9. Nc4 Nc6 10. Re1 Nd7 11. Bg5 h6 12. Bd2 a6 13. Qc1 Kh7 14. Bc3 Nd4 15. Nxd4 cxd4 16. Bd2 Qc7 17. Qd1 Ne5 18. b3 Rac8 19. f4 Nd7 20. Bh3 e6 21. Bb4 Nc5 22. a5 b5 23. Nb6 Rcd8 24. Bg2 Bc6 25. Qd2 Qb7 26. Rf1 Rde8 27. e5 Bxg2 28. Qxg2 Qxg2+ 29. Kxg2 Nb7 30. exd6 Rd8 31. d7 Rg8 32. Rfe1 Bf6 33. Re2 Bg7 34. Ree1 Bf6 35. Re2 Bg7 36. Rae1 Bf8 37. Bxf8 Rgxf8 38. Re5 Nxa5 39. Rc5 Nb7 40. Rc7 Rb8 41. Rxe6 Nd8 42. Re8 Kg7 43. Rxf8 Kxf8 44. Nc8 a5 45. Ra7 Rb7 46. Kf3 a4 47. bxa4 Rxa7 48. Nxa7 bxa4 49. Nb5 Ke7 50. Ke4 Ne6 51. Kd5 Kxd7 52. Na3 h5 53. Nc4 Ke7 54. Na3 Kf6 55. Nc4 Kf5 56. h3 h4 57. Nd6+ Kf6 58. g4 a3 59. Ne4+ Ke7 60. f5 a2 61. f6+ Kf8 0-1

[Event "Titled Tuesday intern op 4th July"]
[Site "Chess.com INT"]
[Date "2017.07.04"]
[Round "7"]
[White "Stefan, Constantin Danut"]
[Black "Bluebaum, Matthias"]
[Result "0-1"]
[WhiteElo "2330"]
[BlackElo "2642"]
[PlyCount "130"]
[EventDate "2017.07.04"]
[EventType "swiss (blitz)"]
[EventRounds "10"]
[EventCountry "USA"]
[SourceTitle "EXT 2021"]
[Source "ChessBase"]
[SourceDate "2020.10.23"]
[SourceVersion "1"]
[SourceVersionDate "2020.10.23"]
[SourceQuality "1"]

1. Nf3 d5 2. g3 Bg4 3. Bg2 e6 4. d3 Nf6 5. 0-0 Be7 6. Qe1 c5 7. e4 0-0 8. Nc3 Nc6 9. a3 Re8 10. h3 Bh5 11. Bd2 Qc7 12. Bf4 Qb6 13. Rb1 Rad8 14. Kh2 Bg6 15. e5 Nd7 16. h4 Bh5 17. Ng5 h6 18. Nf3 Qc7 19. Nb5 Qb8 20. Nd6 Bxd6 21. exd6 e5 22. Bd2 Qxd6 23. b4 e4 24. dxe4 Rxe4 25. Qc1 cxb4 26. axb4 Rde8 27. Kg1 Bxf3 28. Bxf3 Nd4 29. Bd1 Ne2+ 30. Bxe2 Rxe2 31. Bf4 Qc6 32. c3 Nf6 33. Rb2 Ng4 34. Rxe2 Rxe2 35. Qd1 Qe6 36. Qd4 b6 37. Qd3 Ra2 38. Qb1 Qe2 39. Qf5 Qe6 40. Qxe6 fxe6 41. f3 Nf6 42. Rf2 Rxf2 43. Kxf2 Nd7 44. Bd6 e5 45. Ke3 Kf7 46. f4 Ke6 47. fxe5 Nxe5 48. Bb8 Nc6 49. Bc7 d4+ 50. cxd4 Nxb4 51. Bb8 a5 52. Ke4 a4 53. Be5 Nd5 54. Kd3 g6 55. Kc2 b5 56. Bg7 h5 57. Bf8 b4 58. Kb2 Kf5 59. Bd6 Ke4 60. Be5 Kd3 61. Bf6 Kc4 62. Be5 a3+ 63. Ka2 Nc3+ 64. Ka1 b3 65. d5 b2# 0-1

[Event "Titled Tuesday intern op 6th June"]
[Site "Chess.com INT"]
[Date "2017.06.06"]
[Round "1"]
[White "Grebeniuk, Semen"]
[Black "Stefan, Constantin Danut"]
[Result "0-1"]
[WhiteElo "2254"]
[BlackElo "2147"]
[PlyCount "100"]
[EventDate "2017.06.06"]
[EventType "swiss (blitz)"]
[EventRounds "10"]
[EventCountry "USA"]
[SourceTitle "EXT 2021"]
[Source "ChessBase"]
[SourceDate "2020.10.23"]
[SourceVersion "1"]
[SourceVersionDate "2020.10.23"]
[SourceQuality "1"]

1. d4 Nf6 2. Nf3 e6 3. c4 Bb4+ 4. Bd2 Qe7 5. g3 Nc6 6. Bg2 Bxd2+ 7. Qxd2 Ne4 8. Qc2 Qb4+ 9. Nbd2 Nxd2 10. Qxd2 Qxc4 11. 0-0 a5 12. Rac1 Qb4 13. Qf4 d6 14. a3 Qb5 15. e4 0-0 16. Qd2 a4 17. d5 exd5 18. exd5 Na5 19. Rxc7 Nb3 20. Qg5 Qb6 21. Rc2 h6 22. Qe7 Bf5 23. Rc7 Rab8 24. Nh4 Bh7 25. Rd7 Rbd8 26. Rxb7 Qd4 27. Rb4 Qxb2 28. Rxa4 Nc5 29. Ra7 Qb3 30. h3 Qc2 31. Re1 Nd3 32. Rf1 Ne5 33. Qc7 Qa2 34. Qc3 Rc8 35. Qe3 Rc2 36. Qf4 Nd3 37. Qf3 Ne5 38. Qf4 Rc4 39. Qe3 Qb2 40. f4 Rc3 41. Qd4 Nd3 42. f5 Qb3 43. f6 g5 44. Qg4 Ne5 45. Qd1 Rc2 46. Nf3 Qb6+ 47. Kh2 Nxf3+ 48. Rxf3 Qxa7 49. Re3 Qxe3 50. Qg4 Qe4 0-1

[Event "Titled Tuesday intern op 6th June"]
[Site "Chess.com INT"]
[Date "2017.06.06"]
[Round "5"]
[White "Seliverstov, Vladimir"]
[Black "Stefan, Constantin Danut"]
[Result "1-0"]
[WhiteElo "2464"]
[BlackElo "2195"]
[PlyCount "75"]
[EventDate "2017.06.06"]
[EventType "swiss (blitz)"]
[EventRounds "10"]
[EventCountry "USA"]
[SourceTitle "EXT 2021"]
[Source "ChessBase"]
[SourceDate "2020.10.23"]
[SourceVersion "1"]
[SourceVersionDate "2020.10.23"]
[SourceQuality "1"]

1. d4 Nf6 2. c4 e6 3. g3 Bb4+ 4. Nd2 Nc6 5. Ngf3 d6 6. Bg2 e5 7. d5 Bxd2+ 8. Bxd2 Ne7 9. 0-0 a5 10. Rc1 b6 11. Ne1 0-0 12. b3 Ng6 13. a3 Ne8 14. b4 axb4 15. axb4 f5 16. c5 bxc5 17. bxc5 f4 18. e3 fxg3 19. hxg3 Ra2 20. Nd3 Qg5 21. Nb4 Rb2 22. Bc3 Bg4 23. Qa4 Re2 24. Rce1 Qh5 25. Rxe2 Bxe2 26. Re1 Bf3 27. Nd3 e4 28. Nf4 Nxf4 29. exf4 Bxg2 30. Kxg2 Qf3+ 31. Kg1 Qxc3 32. Qxe4 Qxc5 33. Qe6+ Kh8 34. Qxe8 Kg8 35. Qe6+ Kh8 36. Qf7 Rg8 37. Re8 Qc1+ 38. Kg2 1-0

[Event "Titled Tuesday intern op 6th June"]
[Site "Chess.com INT"]
[Date "2017.06.06"]
[Round "9"]
[White "Stefan, Constantin Danut"]
[Black "Henriquez, Cristobal"]
[Result "1-0"]
[WhiteElo "2250"]
[BlackElo "2582"]
[PlyCount "75"]
[EventDate "2017.06.06"]
[EventType "swiss (blitz)"]
[EventRounds "10"]
[EventCountry "USA"]
[SourceTitle "EXT 2021"]
[Source "ChessBase"]
[SourceDate "2020.10.23"]
[SourceVersion "1"]
[SourceVersionDate "2020.10.23"]
[SourceQuality "1"]

1. Nf3 d5 2. g3 g6 3. Bg2 Bg7 4. 0-0 c5 5. d3 Nc6 6. Nbd2 e5 7. e4 d4 8. a4 Nge7 9. Nc4 0-0 10. Ne1 Be6 11. Bd2 Bxc4 12. dxc4 Nc8 13. Nd3 b6 14. h4 Nd6 15. b3 Rc8 16. Bh3 Nxe4 17. Bxc8 Qxc8 18. Re1 f5 19. a5 Re8 20. axb6 axb6 21. h5 g5 22. g4 Nxd2 23. Qxd2 e4 24. Qxg5 h6 25. Qxf5 exd3 26. Rxe8+ Qxe8 27. cxd3 Ne7 28. Qe6+ Qf7 29. Ra8+ Bf8 30. Qe4 Kg7 31. Qe5+ Kg8 32. f4 Qg7 33. Qe6+ Qf7 34. Qxh6 b5 35. cxb5 Nd5 36. f5 Qe7 37. Qg6+ Kh8 38. Re8 1-0

[Event "Titled Tuesday intern op 6th June"]
[Site "Chess.com INT"]
[Date "2017.06.06"]
[Round "4"]
[White "Stefan, Constantin Danut"]
[Black "Rosenthal, Nicholas"]
[Result "1-0"]
[WhiteElo "2197"]
[BlackElo "2164"]
[PlyCount "55"]
[EventDate "2017.06.06"]
[EventType "swiss (blitz)"]
[EventRounds "10"]
[EventCountry "USA"]
[SourceTitle "EXT 2021"]
[Source "ChessBase"]
[SourceDate "2020.10.23"]
[SourceVersion "1"]
[SourceVersionDate "2020.10.23"]
[SourceQuality "1"]

1. Nf3 d5 2. g3 c6 3. Bg2 e6 4. d3 Nf6 5. 0-0 Bd6 6. Nbd2 0-0 7. e4 Bc7 8. e5 Nfd7 9. Re1 b6 10. h4 Bb7 11. Nf1 c5 12. N1h2 Nc6 13. Bf4 Re8 14. h5 d4 15. a3 Nf8 16. Ng4 Ne7 17. h6 Nd5 18. hxg7 Ng6 19. Bh6 f5 20. exf6 Nxf6 21. Bg5 Nxg4 22. Bxd8 Raxd8 23. Ng5 Bxg2 24. Kxg2 N4e5 25. Qh5 Kxg7 26. Qxh7+ Kf6 27. Ne4+ Kf5 28. Qh5# 1-0